[Event "AUTO-OPEN-1617"]
[Site "http://www.queenalice.com/game.php?id=617049"]
[Date "2009.7.11"]
[Round "1"]
[White "allvaro"]
[Black "gasparzinho"]
[Result "0-1"]
[WhiteElo "1617"]
[BlackElo "1645"]

1. d4 e6 2. g3 Qf6 3. h4 c5 4. Bg5 Qf5 5. Bh3 Qd5 6. Be3 Qxh1 7. f3 Qh2 8. Bf2
Bd6 9. dxc5 Be5 10. Nd2 Bxg3 11. Ne4 Qxg1+ 12. Bf1 Bxf2+ 13. Nxf2 Qg3 14. Qd4
Nc6 15. Qe4 f5 16. Qc4 d5 17. Qa4 Bd7 18. b4 Qxh4 19. e3 a6 20. Rd1 Nxb4 21. Qb3
Ne7 22. Rd4 Nxc2+ 23. Qxc2 Qg5 24. Nh3 Qg3+ 25. Qf2 Qe5 26. f4 Qc7 27. Qc2 b6
28. Rd3 bxc5 29. Ra3 d4 30. exd4 Nd5 31. Bxa6 Nb4 32. Qc4 Qb6 33. dxc5 Nc2+ 34.
Qxc2 Rxa6 35. cxb6 Rxb6 36. Ng5 Rc6 37. Qa4 Rc1+ 38. Kd2 Bxa4 39. Rxa4 Rc8 40.
Ra6 Ke7 41. Rxe6+ Kd7 42. a4 Rhd8 43. Nxh7 Kxe6+ 0-1

[Event "AUTO-OPEN-1617"]
[Site "http://www.queenalice.com/game.php?id=617050"]
[Date "2009.7.11"]
[Round "1"]
[White "gasparzinho"]
[Black "prof_zeco"]
[Result "0-1"]
[WhiteElo "1658"]
[BlackElo "1767"]

1. d4 Nf6 2. Bg5 h6 3. Bxf6 gxf6 4. e4 Bg7 5. f4 d5 6. e5 fxe5 7. fxe5 Bd7 8.
Bd3 e6 9. Nf3 Nc6 10. c3 Ne7 11. Rf1 Nf5 12. Bxf5 exf5 13. Rf2 Bb5 14. a4 Bc6
15. Re2 O-O 16. g3 b5 17. h4 bxa4 18. b3 axb3 19. Qxb3 Rb8 20. Qa3 Rb7 21. e6
fxe6 22. Raa2 Rxb1+ 23. Kf2 f4 24. g4 Bb5 25. Rxe6 Qd7 26. Rae2 Bxe2 27. Rxe2
Qxg4 28. Re1 Qg3+ 29. Ke2 Re8+ 30. Kd3 Qxf3+ 31. Kd2 Rexe1 32. c4 Re2# 0-1

[Event "AUTO-OPEN-1617"]
[Site "http://www.queenalice.com/game.php?id=617051"]
[Date "2009.7.11"]
[Round "1"]
[White "prof_zeco"]
[Black "gasparzinho"]
[Result "1-0"]
[WhiteElo "1779"]
[BlackElo "1646"]

1. d4 Nf6 2. Nf3 d6 3. h3 h6 4. e3 e5 5. dxe5 dxe5 6. Qxd8+ Kxd8 7. Nxe5 Be6 8.
Nc3 Bd6 9. Nc4 Bxc4 10. Bxc4 Rf8 11. Bd2 a5 12. Nb5 Bb4 13. c3 Bc5 14. a3 Re8
15. Bxf7 Rf8 16. Bc4 Ne4 17. Bd5 Nxf2 18. Bxb7 Nd3+ 19. Ke2 Nf2 20. Rhf1 Ra6 21.
Bxa6 Nxa6 22. Rxf2 Re8 23. b4 Bb6 24. Rd1 c5 25. Nd6 Re6 26. bxc5 Bxc5 27. Nb7+
Ke8 28. Nxc5 Nxc5 29. c4 Ne4 30. Rf3 g5 31. Bxa5 Nf6 32. Rdf1 Ne4 33. Rf8+ Kd7
34. R1f7+ Kd6 35. Bb4+ Ke5 36. Rf5# 1-0

[Event "AUTO-INT-1408"]
[Site "http://www.queenalice.com/game.php?id=633717"]
[Date "2009.8.9"]
[Round "1"]
[White "SGF"]
[Black "gasparzinho"]
[Result "0-1"]
[WhiteElo "1719"]
[BlackElo "1652"]

1. e4 e5 2. Qf3 Nf6 3. d3 d6 4. h3 a6 5. Be2 h5 6. Qg3 Nc6 7. c3 Rh7 8. Bg5 h4
9. Bxh4 Be7 10. Bg4 Rh6 11. Bxc8 Qxc8 12. Nf3 Rg6 13. Bg5 Qe6 14. Qh4 O-O-O 15.
Bxf6 Bxf6 16. Qh5 Be7 17. g4 Rh6 18. Ng5 Qf6 19. Qxf7 Qxg5 20. Nd2 Rf6 21. Qd5
Qf4 22. Rf1 Rd7 23. Qg8+ Bf8 24. O-O-O Ne7 25. Qh7 Rh6 26. Qxh6 Qxh6 27. Rh1 g5
28. Nf3 Nc6 29. h4 gxh4+ 30. Rd2 h3 31. g5 Qh5 32. a4 Qxf3 33. Kc2 Rg7 34. Rg1
h2 35. Rg3 Qf4 36. Rh3 Rxg5 37. f3 Qf7 38. Rhxh2 Na5 39. c4 Qg6 40. Rh8 Qf6 41.
Rdh2 Qxf3 42. R2h7 Nxc4 43. dxc4 Qxe4+ 44. Kb3 Qd3+ 45. Ka2 Qxc4+ 46. b3 Rg2+
47. Ka3 Qc5+ 48. b4 Qc3# 0-1

[Event "AUTO-INT-1408"]
[Site "http://www.queenalice.com/game.php?id=633718"]
[Date "2009.8.9"]
[Round "1"]
[White "gasparzinho"]
[Black "SGF"]
[Result "1-0"]
[WhiteElo "1628"]
[BlackElo "1650"]

1. d4 e6 2. h4 h6 3. e4 Nc6 4. d5 exd5 5. Qxd5 Nf6 6. Qd3 Qe7 7. f3 Nb4 8. Qd2
Qc5 9. Nc3 c6 10. Na4 Nxc2+ 11. Kd1 Nxa1 12. Nxc5 Bxc5 13. Ne2 a5 14. g4 b5 15.
Qf4 O-O 16. g5 Nh5 17. Qg4 g6 18. Nf4 d6 19. Qg2 hxg5 20. Qxg5 a4 21. Nxh5 Bd4
22. Nf6+ Bxf6 23. Qxf6 b4 24. Bh6 Re8 25. Qg7# 1-0

[Event "AUTO-INT-1408"]
[Site "http://www.queenalice.com/game.php?id=633731"]
[Date "2009.8.9"]
[Round "1"]
[White "spectro"]
[Black "gasparzinho"]
[Result "1-0"]
[WhiteElo "1613"]
[BlackElo "1628"]

1. d4 Nc6 2. d5 Ne5 3. f4 Ng6 4. Nf3 e5 5. a3 d6 6. g3 e4 7. Nh4 Bg4 8. h3 Bd7
9. Qd4 c5 10. Qxe4+ N6e7 11. g4 Nf6 12. Qd3 Qa5+ 13. Bd2 Qb6 14. e4 Bb5 15. Qb3
Nxe4 16. Bxb5+ Nc6 17. a4 a6 18. a5 Qc7 19. Bd3 Nxa5 20. Qa4+ Kd8 21. Bxa5 b6
22. Bxe4 bxa5 23. c4 Rb8 24. b3 Rb4 25. Qxa5 Rxb3 26. Nd2 Rb6 27. g5 Be7 28. O-O
g6 29. Rfb1 Kd7 30. f5 Bxg5 31. Rxb6 Bxh4 32. Rc6 Qb7 33. f6 Qb2 34. Qc7+ 1-0

[Event "AUTO-INT-1408"]
[Site "http://www.queenalice.com/game.php?id=633732"]
[Date "2009.8.9"]
[Round "1"]
[White "gasparzinho"]
[Black "spectro"]
[Result "0-1"]
[WhiteElo "1628"]
[BlackElo "1329"]

1. d4 d5 2. Nf3 e6 3. Ne5 Bd6 4. Nf3 h6 5. h3 Nf6 6. e3 c5 7. dxc5 Bxc5 8. Ne5
Nc6 9. f4 Ne4 10. Bb5 Qh4+ 11. Ke2 Qf2+ 12. Kd3 O-O 13. Rf1 Nb4# 0-1

[Event "AUTO-OPEN-1460"]
[Site "http://www.queenalice.com/game.php?id=638326"]
[Date "2009.8.18"]
[Round "3"]
[White "gasparzinho"]
[Black "kievelrs"]
[Result "0-1"]
[WhiteElo "1637"]
[BlackElo "1729"]

1. d4 d5 2. a3 Nc6 3. c3 h6 4. h3 g5 5. g4 f5 6. gxf5 Bxf5 7. Nd2 Nf6 8. f3 e5
9. Qa4 Bd7 10. Qb3 Na5 11. Qc2 Be6 12. e3 Bd6 13. Qa4+ c6 14. Qc2 Rg8 15. b4 Nc4
16. Nb3 e4 17. f4 h5 18. Na5 Nxa5 19. bxa5 Qxa5 20. Bd2 Qc7 21. h4 g4 22. Qb2 g3
23. Bc1 c5 24. Bg2 a6 25. Ne2 b5 26. Bd2 c4 27. Qa2 a5 0-1

[Event "AUTO-OPEN-1460"]
[Site "http://www.queenalice.com/game.php?id=638327"]
[Date "2009.8.18"]
[Round "3"]
[White "kievelrs"]
[Black "gasparzinho"]
[Result "1-0"]
[WhiteElo "1716"]
[BlackElo "1650"]

1. e4 e5 2. Bc4 Ne7 3. Qf3 f6 4. h4 d6 5. g4 a6 6. d3 b5 7. Bb3 Nbc6 8. c3 h6 9.
a4 Bb7 10. g5 hxg5 11. h5 Na5 12. Nd2 Bc8 13. h6 g4 14. Qg2 Ng6 15. Qg3 gxh6 16.
f3 h5 17. Qf2 Bh6 18. Ra3 Nf4 19. Bc2 Be6 20. b3 bxa4 21. b4 Nb7 22. Bxa4+ Bd7
23. Bc2 Rg8 24. Nf1 c5 25. Be3 gxf3 26. Bxf4 Bxf4 27. Rxh5 1-0

[Event "AUTO-INT-1439"]
[Site "http://www.queenalice.com/game.php?id=648741"]
[Date "2009.9.7"]
[Round "1"]
[White "kamikaze"]
[Black "gasparzinho"]
[Result "0-1"]
[WhiteElo "1462"]
[BlackElo "1668"]

1. d4 d5 2. Nf3 Bg4 3. Nbd2 Bxf3 4. Nxf3 h6 5. e3 g5 6. h3 e6 7. a3 Bd6 8. c4 c6
9. Be2 a6 10. O-O Nf6 11. c5 Bc7 12. Bd2 Nbd7 13. Rc1 b5 14. cxb6 Bxb6 15. Rxc6
Ne4 16. Be1 h5 0-1

[Event "AUTO-INT-1439"]
[Site "http://www.queenalice.com/game.php?id=648742"]
[Date "2009.9.7"]
[Round "1"]
[White "gasparzinho"]
[Black "kamikaze"]
[Result "1-0"]
[WhiteElo "1676"]
[BlackElo "1454"]

1. d4 d5 2. e3 e6 3. c4 c6 4. c5 Nf6 5. Nc3 b6 6. b4 Be7 7. f3 O-O 8. g4 g6 9.
a3 bxc5 10. dxc5 Nbd7 11. Ra2 a5 12. Qc2 axb4 13. axb4 Rb8 14. Ra4 Ne8 15. e4
Ne5 16. b5 1-0

[Event "AUTO-INT-1439"]
[Site "http://www.queenalice.com/game.php?id=648755"]
[Date "2009.9.7"]
[Round "1"]
[White "Aldo2020"]
[Black "gasparzinho"]
[Result "1-0"]
[WhiteElo "1639"]
[BlackElo "1667"]

1. Nc3 c6 2. Nf3 Nf6 3. e3 d6 4. d4 Bg4 5. h3 Bxf3 6. Qxf3 h6 7. a4 d5 8. e4
dxe4 9. Nxe4 e6 10. c3 Be7 11. Bc4 Nbd7 12. Bf4 Nb6 13. Bb3 g5 14. Be5 Rg8 15.
Bxf6 Qd7 16. Bxe7 Kxe7 17. Nf6 Qd6 18. Nxg8+ Rxg8 19. O-O-O f5 20. c4 Qb4 21.
Rd3 Nxa4 22. Qe2 b5 23. Re1 Rg6 24. Red1 Nb6 25. Qe5 Nd7 26. Qc7 Qd6 27. Qxa7
Qf4+ 28. R1d2 Qd6 29. c5 Qf4 30. Re3 Qb8 31. Qa6 Qc7 32. Qa2 Nf8 33. d5 cxd5 34.
Bxd5 Qxc5+ 35. Rc3 Qd6 36. Rc6 Qb8 37. Ra6 Qf4 38. Ra8 Qc7+ 39. Kb1 Kf6 40.
Rxf8+ Kg7 41. Rc2 Qe7 42. Rb8 exd5 43. Qxd5 Qe1+ 44. Rc1 Qe4+ 45. Qxe4 fxe4 46.
Rc7+ Kf6 47. Rc6+ Kf5 48. g4+ Ke5 49. Rxg6 Kf4 50. Rf6+ Ke5 51. Rxh6 b4 52. Rh5
e3 53. fxe3 b3 54. Rxg5+ Kf6 55. h4 Kf7 56. h5 Kf6 57. Rg6+ Kf7 58. Rb7+ Kf8 59.
h6 Ke8 60. Rg8# 1-0

[Event "AUTO-INT-1439"]
[Site "http://www.queenalice.com/game.php?id=648756"]
[Date "2009.9.7"]
[Round "1"]
[White "gasparzinho"]
[Black "Aldo2020"]
[Result "1-0"]
[WhiteElo "1651"]
[BlackElo "1670"]

1. d4 d5 2. h3 e6 3. Nf3 Nf6 4. Bg5 Bb4+ 5. c3 Ba5 6. b4 Bb6 7. Bxf6 Qxf6 8. Qd2
h6 9. g4 c6 10. Bg2 Nd7 11. h4 e5 12. Qe3 O-O 13. Bh3 Re8 14. g5 hxg5 15. hxg5
Qg6 16. Nh4 Qh5 17. Nf5 Re6 18. Qf3 Qxg5 19. Nd2 g6 20. Ng3 Rf6 21. Qg2 Bc7 22.
Nf3 Qh6 23. Bxd7 Bxd7 24. Rxh6 e4 25. Nh5 Rd6 26. Ne5 Bf5 27. O-O-O Re8 28. e3
Bd8 29. f4 Bf6 30. Rg1 Bg7 31. Qg5 Ree6 32. Ng3 f6 33. Qh4 b6 34. a4 a5 35. Nxf5
gxf5 36. Rh8# 1-0

[Event "AUTO-INT-1439"]
[Site "http://www.queenalice.com/game.php?id=648765"]
[Date "2009.9.7"]
[Round "1"]
[White "gasparzinho"]
[Black "lehman"]
[Result "1-0"]
[WhiteElo "1685"]
[BlackElo "1333"]

1. d4 d5 2. a4 Nf6 3. f3 Bf5 4. g4 Bg6 5. h4 h5 6. g5 Nfd7 7. e4 dxe4 8. f4 e6
9. Qe2 c6 10. Be3 Na6 11. c3 Nc7 12. b4 Bd6 13. Na3 Nb6 14. a5 1-0

[Event "AUTO-INT-1439"]
[Site "http://www.queenalice.com/game.php?id=648766"]
[Date "2009.9.7"]
[Round "1"]
[White "lehman"]
[Black "gasparzinho"]
[Result "0-1"]
[WhiteElo "1335"]
[BlackElo "1683"]

1. e4 e5 2. Nf3 Qf6 3. Nc3 c6 4. Bc4 b5 5. Bb3 Bc5 6. Ne2 d6 7. d4 exd4 8. Nexd4
Bg4 9. c3 b4 10. Be3 Ne7 11. Qe2 Nd7 12. h3 Bxf3 13. Nxf3 Bxe3 14. Qxe3 O-O 0-1

[Event "QA-ANNIV-05"]
[Site "http://www.queenalice.com/game.php?id=654484"]
[Date "2009.9.18"]
[Round "2"]
[White "Nobre"]
[Black "gasparzinho"]
[Result "1-0"]
[WhiteElo "2364"]
[BlackElo "1669"]

1. d4 d5 2. c4 dxc4 3. e4 b5 4. a4 Bd7 5. axb5 g6 6. Bxc4 Nf6 7. Nc3 c6 8. e5
Ng8 9. Qb3 e6 10. b6 a6 11. Nf3 a5 12. Bg5 Be7 13. Ne4 Bc8 14. Nd6+ Kf8 15. b7
Bxb7 16. Qxb7 Nd7 17. Qxc6 h6 18. Nxf7 Qc8 19. Qxe6 hxg5 20. Nxh8 Ke8 21. Qxg8+
Bf8 22. Nxg5 Kd8 23. Ne6+ 1-0